| 000 | 00722cab a2200205 4500 | ||
|---|---|---|---|
| 001 | WB2725-30 | ||
| 008 | 090401t1991 xxu||||| |||| 00| 0 eng d | ||
| 035 | _a(Sirsi) u21091 | ||
| 041 | _aeng | ||
| 245 | _aRICS gives cautious welcome to Law Society leases | ||
| 260 | _c1991 | ||
| 350 | _a0 | ||
| 490 |
_aRICS Press Release _vPR73/91 25 June 1991 2 pages |
||
| 520 | _aRICS welcomes the Law Society two new simple forms of business leases for lettings not exceeding ten years. Intended for small commercial properties. See also WB2723-24. | ||
| 650 | _aCOMMERCIAL LEASES | ||
| 650 | _aMODEL FORMS OF RENT REVIEW CLAUSES | ||
| 690 | _aLANDLORD AND TENANT-BUSINESS TENANCIES | ||
| 942 | _n0 | ||
| 948 | _c04/03/1997 | ||
| 999 |
_c14153 _d14153 |
||